Statistics for Guess the Taylor Swift Song (no hints) 11

Click here to take the quiz!

General Stats

  • This quiz has been taken 143 times
  • The average score is 340 of 457

Answer Stats

Answer% Correct
I
99%
a
98%
A
98%
you)
97%
You
97%
you
97%
you?
97%
the
96%
an
94%
And
94%
and
94%
Is
94%
is
94%
It
94%
it
94%
me
94%
love
93%
In
92%
in
92%
my
92%
my,
92%
(my
92%
on
91%
your
91%
do
90%
it's
89%
of
89%
so
89%
To
89%
to
89%
that
88%
This
87%
this
87%
Then
86%
then
86%
(no,
85%
for
84%
They
84%
they
84%
at
83%
by
83%
say
83%
were
83%
if
81%
Like
81%
like
81%
Don't
80%
don't
80%
up
80%
was
80%
'cause
79%
('Cause
79%
time
79%
why
77%
Why
77%
ever
76%
have
76%
know
76%
Oh
76%
get
74%
one
74%
I'd
73%
never
73%
with
72%
off
71%
just
70%
us
70%
has
68%
made
68%
Hits
67%
hits
67%
our
67%
always
66%
different
66%
friends
66%
out
66%
some
66%
girl
65%
lie
65%
street
62%
bus
61%
could
61%
easy
61%
girls
61%
mess
61%
Nothing
61%
Now
61%
Or
61%
Shit
61%
take
61%
(yeah)
61%
Yeah,
61%
loved
60%
Movin'
60%
blues
59%
these
59%
Catastrophic
58%
felt
58%
need
58%
other
58%
threw
58%
down
57%
hands
57%
pictured
57%
right,
57%
club
56%
over
56%
away?
55%
away
55%
bar
55%
come
55%
eyes
55%
make
55%
song
55%
waiting
55%
car
54%
washed
54%
cry
53%
cry)
53%
good
53%
shouldn't
53%
dream
52%
shows
52%
still
52%
'til
52%
wrong
52%
heart
51%
once
50%
plays
50%
while
50%
door?
49%
door
49%
feelings
49%
hurts
49%
asshole
48%
Each
48%
key
48%
sand
48%
start
48%
contagious
47%
contagious)
47%
Dreams
47%
guy
47%
hair
47%
needed
47%
outlaw
47%
sadness
47%
sense
47%
someone
47%
stopped
47%
sun
47%
town
47%
walkin'
47%
kill
46%
name
46%
summer
46%
burns
45%
held
45%
main
45%
skip
45%
believed
44%
coast
44%
enough
44%
okay?
44%
turn
44%
another
43%
artifacts,
43%
bleedin'
43%
cried
43%
ghost
43%
hallway
43%
heard
43%
invitations
43%
puts
43%
simple
43%
switch
43%
world
43%
world,
43%
Aid
42%
Band
42%
Freedom
42%
metaphor,
42%
Rip
42%
used
42%
receiving
41%
space
41%
hat
40%
stare
40%
wound
40%
wrinkle
40%
Argumentative,
39%
Bet
39%
crease
39%
evidence,
39%
Kens,
39%
slur
39%
belief
38%
find
38%
melt
38%
Cursed
37%
antithetical
36%
trace
36%

Score Distribution

Percentile by Number Answered

Percent of People with Each Score

Your Score History

You have not taken this quiz